El conjunto palaciego de los condes de Aranda en la Villa de Epila / (Record no. 181100)

MARC details
000 -LEADER
campo de control de longitud fija 01179nam a2200277 i 4500
001 - NÚMERO DE CONTROL
campo de control 181100
003 - IDENTIFICADOR DE NÚMERO DE CONTROL
campo de control ES-MaACL
005 - FECHA Y HORA DE LA ÚLTIMA TRANSACCIÓN
campo de control 20231213170231.0
008 - DATOS DE LONGITUD FIJA--INFORMACIÓN GENERAL
campo de control de longitud fija 121016s2010 sp |||| | spa d
020 ## - NÚMERO INTERNACIONAL ESTÁNDAR DEL LIBRO
Número Internacional Estándar del Libro 978-84-9911-075-2
100 1# - ENTRADA PRINCIPAL--NOMBRE DE PERSONA
Nombre de persona Martínez Molina, Javier.
9 (RLIN) 151644
245 13 - MENCIÓN DEL TÍTULO
Título El conjunto palaciego de los condes de Aranda en la Villa de Epila /
Mención de responsabilidad, etc. Javier Martínez Molina.
260 ## - PUBLICACIÓN, DISTRIBUCIÓN, ETC.
Lugar de publicación, distribución, etc. Zaragoza :
Nombre del editor, distribuidor, etc. Institución "Fernando el Católico" (CSIC),
Fecha de publicación, distribución, etc. 2010.
300 ## - DESCRIPCIÓN FÍSICA
Extensión 542 p. :
Otras características físicas il. ;
Dimensiones 24 cm.
490 1# - MENCIÓN DE SERIE
Mención de serie Publicación número 2988 de la Institución "Fernando el Católico";
Designación de volumen o secuencia 2988
504 ## - NOTA DE BIBLIOGRAFÍA, ETC.
Nota de bibliografía, etc. Bibliografia : p. [531]-539.
600 04 - PUNTO DE ACCESO ADICIONAL DE MATERIA--NOMBRE DE PERSONA
Nombre de persona Aranda
Títulos y otros términos asociados al nombre Condes de.
9 (RLIN) 151645
610 24 - PUNTO DE ACCESO ADICIONAL DE MATERIA--NOMBRE DE ENTIDAD CORPORATIVA
Nombre de entidad corporativa o nombre de jurisdicción como elemento de entrada Palacio de los Condes de Aranda (Épila)
9 (RLIN) 151648
650 #4 - PUNTO DE ACCESO ADICIONAL DE MATERIA--TÉRMINO DE MATERIA
Término de materia o nombre geográfico como elemento de entrada Arquitectura religiosa-
Subdivisión geográfica Épila.
9 (RLIN) 151647
651 #4 - PUNTO DE ACCESO ADICIONAL DE MATERIA--NOMBRE GEOGRÁFICO
Nombre geográfico Épila-
Subdivisión general Historia.
9 (RLIN) 151646
830 00 - PUNTO DE ACCESO ADICIONAL DE SERIE-TÍTULO UNIFORME
Título uniforme Publicación ... de la Institución Fernando el Católico ;
9 (RLIN) 233871
Designación de volumen o secuencia 2988
852 ## - LOCALIZACIÓN
Ubicación ES-MaACL
Número de control de estantería A-12318
itemnumber 187983
Sublocalización o colección R.148511
Ubicación en estantería Depósito 1
Signatura antigua Olim: N-5323
Encuadernación Donación: Fernando del Arco
903 ## - NOMBRE PERSONAL DE DONANTE
a Arco y García, Fernando del,
d 1923-2020
e Donante
9 22508
942 ## - ELEMENTOS DE ENTRADA SECUNDARIOS (KOHA)
Fuente del sistema de clasificación o colocación Clasificación decimal universal
Tipo de ítem Koha Libro impreso
Holdings
Estatus retirado Estado de pérdida Fuente del sistema de clasificación o colocación Estado de daño No para préstamo Biblioteca de origen Biblioteca actual Ubicación en estantería Fecha de adquisición Fuente de adquisición Total de préstamos Signatura topográfica completa Código de barras Visto por última vez Precio de reemplazo Tipo de ítem Koha
    Clasificación decimal universal     Biblioteca del Ateneo de Madrid Biblioteca del Ateneo de Madrid Depósito 1 16/10/2012 Donación   A-12318 1190311 23/02/2023 23/02/2023 Libro impreso